| 000 | 00722nam a22001937a 4500 | ||
|---|---|---|---|
| 999 |
_c13438 _d13438 |
||
| 008 | 190315b ||||| |||| 00| 0 eng d | ||
| 020 | _a9780838644713 | ||
| 082 |
_22013 _aAV-Eb 822.33 _bZ76 |
||
| 100 |
_aZimmerman, Susan. _937608 |
||
| 245 |
_aShakespeare studies / _cedited by Susan Zimmerman and James R. Siemon. |
||
| 260 |
_bFairleigh Dickinson University Press, _c©2013. |
||
| 300 | _a306 pages; | ||
| 500 | _aIncludes index. | ||
| 650 |
_aEnglish literature -- History and criticism. _937609 |
||
| 650 |
_aShakespeare, William, -- 1564-1616. _91384 |
||
| 700 |
_aSiemon, James R. _937610 |
||
| 856 | _yhttps://ebookcentral.proquest.com/lib/uniofmindanao-ebooks/detail.action?docID=3116444 | ||
| 942 |
_2ddc _cEB |
||